New Swiss architecture

Bibliographic Details
Format: Book
Published: London : Thames & Hudson Ltd , 2015
Subjects:

MARC

LEADER 00000cam a2200000 7i4500
001 0000203473
005 20161107.0
020 |a 9780500343036 
090 0 0 |a 720.9494   |b NEW 
245 1 0 |a New Swiss architecture 
260 |a London :   |b Thames & Hudson Ltd ,   |c 2015 
300 |a 304p. ;   |c 29cm. 
650 0 0 |a Architecture   |y 20th century   |z Switzerland   |x History 
999 |a 00328402   |b BUKU   |c PINJAMAN   |e PERPUSTAKAAN KOMUNITI PETALING JAYA